00732nam a2200241 a 4500001001300000003000900013005001700022008004100039020002300080082001600103100002000119245003500139260004100174300000900215500003500224505002300259650002700282700002000309902000800329942000700337952012900344999001700473nice12345678IN_TiNIC20260116014342.0100107s2009 newa grp 000 0 eng  a9788184202045c75000a305.4bCHA1 aChaudhaary, S K aWorld Poverty and Human Rights aNew Delhi bSumit Enterprises c2009 a248p aincludes index and biblioraphy2 aBibliography Index aWomen and Human Rights1 aChaudhaary, S K bSRS cBK 001040708StackRoom-aHMIbHMId2010-01-07g750.00l1o305.4 CHA1p023038r2017-06-20s2017-06-19v750.00w2010-01-07yBK c14940d14940